01685nam a2200373 i 450000100060000000300080000600500170001400600190003100700150005000800410006502000180010602000270012403500220015104000310017305000230020408200140022710000580024124500600029926400390035930000420039833600310044033700330047133800430050449000660054758800680061359001620068165000240084365500270086777602380089479700170113283000680114985600770121799900170129433871FlNmELB20241216220846.0m o d | cr cnu||||||||190502s2004 sp o 000 0 spa d z9788478982356 a9788478983193 (e-book) a(OCoLC)1230152610 aFINmELBbspaerdacFINmELB 4aPQ6039b.R637 20040 a860.82231 aRodríguez, Ubaldoq(Rodríguez Sánchez),eautor.13aEl espíritu de las vanguardias /cUbaldo Rodríguez. 1aSevilla :bEdiciones Alfar,c2004. a1 recurso en línea (149 páginas). atextobtxt2rdacontent/spa acomputadorabc2rdamedia/spa arecurso en líneabcr2rdacarrier/spa1 aBiblioteca de autores contemporáneos. Serie narrativa ;v21 aDescripción basada en el editor de metadatos y otras fuentes. aRecurso electrónico. Santa Fe, Arg.: elibro, 2018. Disponible vía World Wide Web. El acceso puede estar limitado para las bibliotecas afiliadas a elibro. 0aSpanish literature. 4aLibros electrónicos.08iPrint version:aRodriguez, Ubaldo (Rodríguez Sánchez)tEspíritu de las vanguardias.dSevilla : Ediciones Alfar, 2004h149 páginaskBiblioteca de autores contemporáneos. Serie Narrativa ; 21.z9788478982356w(DLC) 20054791672 aelibro, Corp 0aBiblioteca de autores contemporáneos.pSerie Narrativa ;v21.40uhttps://elibro.net/ereader/politecnicointernacional/52625zClick to View c33871d33871